Journal of Hospitality & Tourism Research

Salvato in:
Dettagli Bibliografici
Natura: Periodico
Lingua:inglese
Pubblicazione: Thousand Oaks SAGE Publ.
Soggetti:
Tags: Aggiungi Tag
Nessun Tag, puoi essere il primo ad aggiungerne!!

MARC

LEADER 00000nas1a2200000$$$4500
001 0141964
005 20250701092103.7
022 |a 1096-3480 
022 |a 1557-7554 
041 0 |a eng 
044 |a US 
245 1 0 |a Journal of Hospitality & Tourism Research 
264 1 |a Thousand Oaks  |b SAGE Publ. 
610 2 0 |a ruch cestovný 
610 2 0 |a turistika 
610 2 0 |a pohostinstvo